00354nam a2200157Ia 4500008004100000020001500041041001200056082001600068100001800084245002100102250000800123260002500131300000800156650001500164700001700179221030s9999 xx 000 0 und d a0070486603 aEnglish a105.23bHis aR. D. Hisrich 0aEnterpreneurship a5th bTMHaNew Delhic2004 a663 aManagement aM .t. Peters